Společenská odpovědnost firem a sociální pilíř
Vymedzenie pojmu CSR (corporate social responsibility). Ekonomická a sociálna rovina CSR. Environmentálná rovina CSR. Pojem sociálna integrácia.
Enregistré dans:
| Auteur principal: | |
|---|---|
| Format: | Chapitre de livre |
| Langue: | tchèque |
| Sujets: | |
| Tags: |
Pas de tags, Soyez le premier à ajouter un tag!
|
MARC
| LEADER | 00000naa a2200000 4500 | ||
|---|---|---|---|
| 001 | 0166320 | ||
| 005 | 20231128131439.8 | ||
| 041 | 0 | |a cze | |
| 044 | |a CZ | ||
| 245 | 1 | 0 | |a Společenská odpovědnost firem a sociální pilíř |c Renáta Nárožná |
| 520 | |a Vymedzenie pojmu CSR (corporate social responsibility). Ekonomická a sociálna rovina CSR. Environmentálná rovina CSR. Pojem sociálna integrácia. | ||
| 610 | 2 | 0 | |a integrácia sociálna |
| 610 | 2 | 0 | |a zodpovednosť spoločenská |
| 610 | 2 | 0 | |a podnik |
| 610 | 2 | 0 | |a Česko |
| 610 | 2 | 0 | |a výskum marketingový |
| 100 | 1 | |a Nárožná, Renáta | |